Popínavé rostliny : domy, ploty, pergoly v živé zeleni a ozeleňování střech /

Hlavní autor: Werk, Klaus
Další autoři: Mehl, Ulrike, 1956-, Pagáčová, Adela, Skalská, Eva, Hanišová, Eva
Jazyk: Čeština
Vydáno: Bratislava : Nezávislosť, [1994?]
Témata:
zdi
Fyzický popis: 115 stran : barevné ilustrace ; 27 cm
Knihy
Uloženo v:
LEADER 01783nam a2200493 i 4500
001 001577492
003 CZ BrMZK
005 20170602091615.0
007 ta
008 170522s1994 xo a e f 001 0 cze
020 |a 80-85217-37-6  |q (vázáno) :  |c Kč 155,00 
040 |a UOG001  |b cze  |d BOA001  |e rda 
041 1 |a cze  |k slo  |h ger 
072 7 |a 635  |x Zahrádkářství  |2 Konspekt  |9 24 
080 |a 635.92.053  |2 MRF 
080 |a 635.927  |2 MRF 
080 |a 631.273  |2 MRF 
080 |a 692.2  |2 MRF 
080 |a 692.4  |2 MRF 
080 |a (035)  |2 MRF 
100 1 |a Werk, Klaus  |4 aut 
240 1 0 |a Kletterpflanzen.  |l Česky 
245 1 0 |a Popínavé rostliny :  |b domy, ploty, pergoly v živé zeleni a ozeleňování střech /  |c Klaus Werk, Mehl Ulrike ; ze slovenského překladu přeložily do češtiny Eva Hanišová a Eva Skalská 
264 1 |a Bratislava :  |b Nezávislosť,  |c [1994?] 
300 |a 115 stran :  |b barevné ilustrace ;  |c 27 cm 
336 |a text  |b txt  |2 rdacontent 
337 |a bez média  |b n  |2 rdamedia 
338 |a svazek  |b nc  |2 rdacarrier 
500 |a Z němčiny přeložila Adéla Pagáčová 
500 |a Obsahuje rejstříky 
650 0 7 |a popínavé rostliny  |7 ph124358  |2 czenas 
650 0 7 |a živé ploty  |7 ph128049  |2 czenas 
650 0 7 |a pergoly  |7 ph136645  |2 czenas 
650 0 7 |a zdi  |7 ph180935  |2 czenas 
650 0 7 |a střechy  |7 ph126206  |2 czenas 
655 7 |a příručky  |7 fd133209  |2 czenas 
700 1 |a Mehl, Ulrike,  |d 1956-  |7 xx0084016  |4 aut 
700 1 |a Pagáčová, Adela  |7 jx20080723036  |4 trl 
700 1 |a Skalská, Eva  |4 trl 
700 1 |a Hanišová, Eva  |7 jk01033413  |4 trl 
910 |a BOA001  |b 3-1388.624 
990 |a BK 
991 |b 201706  |c NOV 
996 7 |b 2610707907  |c 3-1388.624  |l MZK  |r Sklad / do 1 hodiny  |n 1  |p dar  |w 001613438  |u 000010  |a 1  |e BOA001  |j MZK50  |s A